000 00650nam a2200193Ia 4500
003 IN-BaIIA
008 211028s9999 xx 000 0 eng d
020 _a0-07-039929-8
040 _cIIA Library
080 _a535.4
_bMAN
100 _aManning, Robert M
_921530
245 0 _aStochastic electromagnetic image propogation and adaptive compensation
_cRobert M. Manning
260 _aNew York
_bMcGraw-Hill
_c1993
300 _ax, 229p.
490 _aOptical and electro optical engineering series
650 _aelectromagnetic scattering
_95601
650 _aElectromagnetic theory
_92899
942 _cBK
999 _c12312
_d12312